LEADER 01496nam a2200301 u 4500 001 000000038423 003 CaOOAMICUS 005 20070226113856.0 008 980423s1968 be u000 u fre u 035 $a10791938 040 $aPUL(R)$bita 100 1 $aCassiers, L.$0(OLS)http://pul/name/28687 245 13$aLe psychopathe délinquant :$bdissertation présentée pour l'obtention du grade de docteur en criminologie /$cL. Cassiers. 260 $aBruxelles :$bCharles Dessart,$c1968. 300 $a180 p. ;$c24 cm 490 1 $aUniversité catholique de Louvain. Collection de publications de l'Ecole de criminologie 500 $a"Table des matières": pp. [179]-180. 502 $aDiss.--Université catholique de Louvain. 504 $a"Bibliographie": pp. [175]-177. 650 4$aPsicopatologia.$0(OLS)http://pul/subject/2603 650 4$aPsicologia criminale.$0(OLS)http://pul/subject/18078 830 0$aCollection de publications de l'école de criminologie (Université catholique de Louvain).$0(OLS)http://pul/title/52186 850 $aPUL 852 $aPUL$W1$xSL Diritto e Scienze Sociali 1$y4$m178 F 47$j52353$nBK-PRI$b $qStampati$B52353$CPULBib$Z2$F52353 $H $81 941 1 $a8 961 $aINV: 30233. 996 $6245$aLe psychopathe délinquant :$bdissertation présentée pour l'obtention du grade de docteur en criminologie$9(OLS)http://pul/title/52185 996 $6260$aBruxelles :$bCharles Dessart$9(OLS)http://pul/publisher/63694 LEADER 01100nam a2200265 u 4500 001 000000116797 003 CaOOAMICUS 005 20090729143926.0 008 090729s2009 it u000 u ita r 020 $z978-88-17-03257-5* 040 $aPUL$bita$dLDB 100 1 $aGiametta, Sossio,$d1929-2024.$0(OLS)http://pul/name/35662 245 10$aIntroduzione a Nietzsche :$bopera per opera /$cSossio Giametta. 260 $aMilano :$bBUR,$c2009. 300 $a579 p. ;$c20 cm 490 1 $aSaggi 504 $aBibliografia in nota. 600 14$aNietzsche, Friedrich Wilhelm,$d1844-1900$xIntroduzione$vManuali, compendi.$0(OLS)http://pul/subject/35659 830 0$aSaggi (BUR).$0(OLS)http://pul/title/142716 850 $aPUL 852 $aPUL$W1$xSL Filosofia 3$y81$m193 GIASO 1$j133939$qDDC 21$B132968$CPULBib$Z2$F132968 $H111185 $82 941 1 $a9 996 $6020$z978-88-17-03257-5*$9(OLS)http://pul/number/141582 996 $6245$aIntroduzione a Nietzsche :$bopera per opera$9(OLS)http://pul/title/146833 996 $6260$aMilano :$bBUR$9(OLS)http://pul/publisher/70068